| 000 | 01236nam a2200313Ia 4500 | ||
|---|---|---|---|
| 001 | ebr10627150 | ||
| 003 | CaPaEBR | ||
| 006 | m u | ||
| 007 | cr cn||||||||| | ||
| 008 | 121206s2012 dcua sb 000 0 eng d | ||
| 020 | _z9781475512717 | ||
| 020 | _z9781475512755 | ||
| 040 |
_aCaPaEBR _cCaPaEBR |
||
| 035 | _a(OCoLC)812548122 | ||
| 050 | 1 | 4 |
_aGB5014 _b.L34 2012eb |
| 100 | 1 | _aLaframboise, Nicole. | |
| 245 | 1 | 0 |
_aNatural disasters _h[electronic resource] : _bmitigating impact, managing risks / _cNicole Laframboise and Boileau Loko. |
| 260 |
_aWashington, D.C. : _bInternational Monetary Fund, _cc2012. |
||
| 300 |
_a31 p. : _bill. |
||
| 440 | 0 |
_aIMF working paper ; _vWP/12/245 |
|
| 504 | _aIncludes bibliographical references. | ||
| 533 |
_aElectronic reproduction. _bPalo Alto, Calif. : _cebrary, _d2011. _nAvailable via World Wide Web. _nAccess may be limited to ebrary affiliated libraries. |
||
| 650 | 0 |
_aNatural disasters _xEconomic aspects. |
|
| 650 | 0 | _aDisaster relief. | |
| 655 | 7 |
_aElectronic books. _2local |
|
| 700 | 1 | _aLoko, Boileau. | |
| 710 | 2 | _aebrary, Inc. | |
| 856 | 4 | 0 |
_uhttp://site.ebrary.com/lib/rucke/Doc?id=10627150 _zAn electronic book accessible through the World Wide Web; click to view |
| 999 |
_c49892 _d49892 |
||